LEADER 00892nam0-22003131i-450- 001 990007699670403321 005 20151119083607.0 035 $a000769967 035 $aFED01000769967 035 $a(Aleph)000769967FED01 035 $a000769967 100 $a20030814d--------km-y0itay50------ba 101 0 $aita 200 1 $aSull'esaurimento del brevetto d'invenzione$fPiergaetano Marchetti 210 $aMilano$cGiuffre$d1974 215 $a178 p.$d24 cm 225 1 $aStudi di diritto industriale$v16 676 $a346.07 700 1$aMarchetti,$bPiergaetano$0229120 801 0$aIT$bUNINA$gRICA$2UNIMARC 901 $aBK 912 $a990007699670403321 952 $aDPR 20-472$b5329$fDEC 952 $a12-B-10$b318$fDDCP 952 $a12-B-6$b626 PR. COMP.$fDDCP 959 $aDEC 959 $aDDCP 996 $aSull'esaurimento del brevetto d'invenzione$9681487 997 $aUNINA LEADER 01104nam a2200265 i 4500 001 991002663009707536 005 20020503171943.0 008 930317s1987 it ||| | ita 035 $ab10397036-39ule_inst 035 $aEXGIL107759$9ExL 040 $aBiblioteca Interfacoltà$bita 100 1 $aSpagnesi, Gianfranco$011286 245 10$aEsperienze di storia dell'architettura e di restauro /$ca cura di Gianfranco Spagnesi 260 $aRoma :$bIstituto della Enciclopedia italiana,$c1987 300 $a2 v. ;$c24 cm. 490 0 $aActa encyclopaedica ;$v8,1-2 650 4$aArchitettura$xRestauro 650 4$aArchitettura$xStoria 907 $a.b10397036$b21-02-17$c27-06-02 912 $a991002663009707536 945 $aLE002 Coll. 12.8, 1$g1$i2002000871954$lle002$o-$pE0.00$q-$rn$so $t0$u1$v0$w1$x0$y.i10463872$z27-06-02 945 $aLE002 Coll. 12.8, 2$g1$i2002000871947$lle002$o-$pE0.00$q-$rn$so $t0$u1$v0$w1$x0$y.i15595961$z10-03-14 996 $aEsperienze di storia dell'architettura e di restauro$9220117 997 $aUNISALENTO 998 $ale002$b01-01-93$cm$da $e-$fita$git $h0$i1